000 00482nam a2200169Ia 4500
999 _c1660
_d1660
003 OSt
005 20200925112001.0
008 190216s9999||||xx |||||||||||||| ||und||
040 _coclc
082 _a576.5
_bGUP/E
100 1 _aGupta, P. K.,
_9133
_cPh. D., D. Litt.
245 0 _aElements Of Genetics /
_cP K Gupta
260 _bRasthogi Publications,
_aMeerut:
_c2003.
300 _a392p
650 _aBotany
942 _cBK
_2ddc
_h576.5
_iGUP/E
_k576.5
_mGUP/E